000 00822nam a2200265Ia 4500
003 OSt
005 20220927102942.0
006 a|||||r|||| 00| 0
007 ta
008 220926b |||||||| |||| 00| 0 eng d
024 _a36599
037 _cReference Collections
040 _aRTL
_cRTL
_beng
041 _2eng
_aeng
082 _a"X:76.236.N4t4, H4/GD"
110 _a"PUNJAB, ECONOMIC INQUIRY (Board of-)"
245 0 _aImpact of rising prices on various social strata in the Punjab by Paul Geren.
260 _c1944
500 _a"Punjab, Board of Economic Inquiry, 82"
650 _a Economics
650 _aPrice
_9351947
700 _a"PUNJAB, ECONOMIC INQUIRY (Board of-)"
942 _h"X:76.236.N4t4, H4/GD"
_cCC
999 _c679673
_d679673